|
|
|
|
| LEADER |
00000cam a2200000 7i4500 |
| 001 |
0000000894 |
| 005 |
20140405.0 |
| 090 |
0 |
0 |
|a R THE634.973748
|b MAH 1995
|
| 100 |
0 |
0 |
|a MAHDAN bin Bongkik
|
| 245 |
1 |
0 |
|a Effect of media on germination and early growth of acacia mangium willd
|c Mahdan bin Bongkik
|
| 260 |
0 |
0 |
|a New Brunswick, Canada :
|b University of New Brunswick ,
|c 1995
|
| 300 |
|
|
|a viii, 93 p. :
|b col. ill. ;
|c 29 cm.
|
| 500 |
0 |
0 |
|a Bibliography: [p.85-93]
|
| 500 |
0 |
0 |
|a Master of Science in Forestry (University of New Brunswick, Canada), 1995
|
| 650 |
0 |
0 |
|a Acacia
|
| 650 |
0 |
0 |
|a Mangium
|
| 998 |
|
|
|a JPSM
|
| 999 |
|
|
|a 0000000303
|b Monograph
|c Thesis
|e Default branch
|